| 000 | 01392cam a22003611 4500 | ||
|---|---|---|---|
| 001 | data | ||
| 005 | 20260322212111.0 | ||
| 008 | data | ||
| 035 | _a7725230 | ||
| 906 |
_a0 _bcbc _cpremunv _du _encip _f19 _gy-gencatlg |
||
| 010 | _a 02002321 | ||
| 035 | _9(DLC) 02002321 | ||
| 040 |
_aDLC _beng _cCarP _dDLC |
||
| 043 |
_as-bl--- _as-bl--- |
||
| 050 | 0 | 0 |
_aBV2290 _b.G8 |
| 100 | 1 |
_aGuerreiro, Fernāo, _d1550?-1617. |
|
| 245 | 1 | 0 |
_aRelaçam annal das covsas qve fezeram os padres da Companhai de Iesvs nas partes da India Oriental, & no Brasil, Angola, Cabo verde, Guine, _cnos annos de seiscentos & dous & seiscentos & tres, & do processo da conuersam, & christandade daquellas partes, tirada das cartas dos mesmos padres que de là vieram. |
| 260 |
_aEm Lisboa : _bimpressor de liuros, _bimpressor de liuros, _cAnno 1605. |
||
| 300 |
_a2 p.l., 54, 140 (i.e. 144) numb. l. _c18 cm. |
||
| 336 |
_atext _btxt _2rdacontent |
||
| 337 |
_aunmediated _bn _2rdamedia |
||
| 338 |
_avolume _bnc _2rdacarrier |
||
| 610 | 2 | 0 |
_aJesuits _xMissions. |
| 650 | 0 |
_aMissions _zJapan. |
|
| 650 | 0 |
_aMissions _zChina. |
|
| 650 | 0 |
_aMissions _zIndia. |
|
| 650 | 0 |
_aMissions _zBrazil. |
|
| 985 |
_arblacfederal _d20190214 |
||
| 991 |
_bc-GenColl _hBV2290 _i.G8 _tCopy 1 _wPREM |
||
| 999 |
_c1648 _d1648 |
||